000 01271nam a2200361Ia 4500
001 sjds395407
003 sjds
005 20180521142928.0
008 081006s2007 nyua b 000 1 spa d
020 _a0545014468 (pbk.)
020 _a9780545014465 (pbk.)
035 _a(OCoLC)260676197
040 _aJJJ
_cJJJ
_dUtOrBLW
041 1 _aspa
_heng
049 _aIFAA
099 _aESPANOL PICTURE BOOKS PILKEY
100 1 _aPilkey, Dav,
_d1966-
_eauthor.
240 1 0 _aDragon's Halloween.
_lSpanish
245 1 0 _aDragón y el día de Halloween /
_cDav Pilkey.
260 _aNew York :
_bScholastic,
_c2007.
264 1 _aNew York :
_bScholastic,
_c2007.
300 _a48 pages :
_bcolor illustrations ;
_c21 cm
336 _atext
_btxt
_2rdacontent
337 _aunmediated
_bn
_2rdamedia
338 _avolume
_bnc
_2rdacarrier
520 _aDragon has a busy and fun-filled Halloween, turning six small pumpkins into one big jack-o-lantern, going to a costume party, and taking a spooky walk in the woods.
526 0 _aAccelerated Reader
_bLG
_c3.3
_d0.5
_z59504SP
650 0 _aDragons
_vJuvenile fiction.
650 0 _aHalloween
_vJuvenile fiction.
650 7 _aDragones
_vNovela juvenil.
_2bidex
650 7 _aHalloween
_vNovela juvenil.
_2local
942 _cBK
999 _c20735
_d20735